000 01042nam a2200301Ia 4500
003 OSt
005 20220930091345.0
006 a|||||r|||| 00| 0
007 ta
008 220926b |||||||| |||| 00| 0 eng d
024 _a5792
037 _cTheses
040 _aCRL
_cCRL
_beng
041 _2eng
_aeng
100 _aImkongsanen Au.
_9545440
110 _aUniversity of Delhi. Faculty of Medical Sciences. Department of General Surgery
245 0 _aEpidemiology of injury and pattern of injury related death at a tertiary care hospital
260 _c2012
300 _a58
_ap.
_ccm.
650 _aSURGERY
700 _a Dr. Naveen Sharma Gu.
_9545441
700 _a Dr. S. K. Verma Gu.
_9538429
700 _a Dr. Sunil Kumar Gu.
_9532243
700 _a Dr. U. C. Verma Gu.
700 _aUniversity of Delhi. Faculty of Medical Sciences. Department of General Surgery
942 _cDIS
_2CC
999 _c881986
_d881986